00322nam a2200109Ia 4500008004100000020002200041041001200063100005600075245002800131260003200159650002100191231221s9999 xx 000 0 und d a978-0-387-92213-3 aEnglish aRobert G. Wallace, Deborah Wallace, Rodrick Wallace 0aFarming Human Pathogens c2009bSpringer USaNew York aComputer Science